00901nam a2200241Ia 4500003000400000005001700004008004100021020001800062040001800080041000800098082002500106245006100131250001200192260003900204300002900243650003500272650005300307650003400360700003800394942003500432999001900467952017300486OSt20250124094957.0210716s2010 xx 000 0 und d a9788184894271 cAIMIT LIBRARY aeng a001.072570121bAMBW aTopics in biostatistics /cEdited by Walter T Ambrosius. a1st ed. aNew Delhi :bHumana Press ,c2010. axii,528p. ;bPBc23.8 cm aDescriptive statistics9195066 aCorrelation and simple linear regression9195067 aGeneral linear models9195068 aAmbrosius, Walter T., ed.9195069 2ddccBKe1stk001.0725701 AMBW c195182d195182 00102ddc40708MCAaAIMITbAIMITeKnowledge Worldg850.00iBill no:218; Bill dt:2016-03-04l0o001.0725701 AMBWpMCA14691r2025-07-21 00:00:00v637.50w2021-07-16yBK